| 000 | 00563nam a2200181Ia 4500 | ||
|---|---|---|---|
| 003 | GCL | ||
| 008 | 140319s9999 xx 000 0 ara d | ||
| 040 |
_aGCL / _cGCL |
||
| 082 | 0 | 4 |
_a750.1 _bش ع |
| 100 | 1 | _aشاكر عبدالحميد | |
| 245 | 1 | 0 |
_aالعملية الابداعية فى فن التصوير ( عالم المعرفة 109 ) / _cشاكر عبدالحميد |
| 300 | _a279 ص | ||
| 490 |
_aعالم المعرفة _v0 |
||
| 650 | 0 | 4 | _aالفنون |
| 650 | 0 | 4 | _aالتصوير |
| 650 | 0 | 4 | _aالرسم - تاريخ ونقد |
| 942 |
_2ddc _cBK |
||
| 999 |
_c51541 _d51541 |
||